Odgadnij piosenkę Asstera po wersach z płyty "Oko Horusa" - Statystyki

Ogólne statystyki
  • Ten quiz został rozwiązany 27 razy
  • Średni wynik to 11 z 17
Statystyki odpowiedzi
Wersy Utwór % Poprawnych
"Duży bankroll (Bank), powiedz — co to znaczy? (Znaczy) Na szyi mam karaty, w uszach też karaty (Yeah) Spaliłem kilogramy (Gramy), już nie palę zazy (Zazy) Jestem przygotowany (—wany), na wszystko, co się wydarzy" Karaty ft. Żabson
100%
"Rozbite domy powodują presję, każdy chce tylko stąd wyrwać się Dlatego to czuję, dlatego tu jestem, pytam się Boga — czy szansa jest? Pytam się mamy, ile czuła bólu i czy widziała przed oczami śmierć Przez to, że żyję, ma czyste serce, zaczynam wierzyć, że szansa jest" Urodzony W Dziczy
92%
"Chciałem mieć płyty na półkach i płyty na ścianach I ludzi pod sceną jak X Chciałem mieć płyty na półkach i płyty na ścianach I suki na szyi jak chain" Danny Phantom
83%
"To moje myśli artysty Pojebane myśli artysty Pojebane myśli artysty Pojebane myśli artysty" Myśli Artysty
83%
"Storytelling do nauczycieli, co chcieli posadzić mnie w pierwszej ławce (Hahahaha) Nie wiedzieli, że on rymy klei, a najlepsze z nich to pisałem na matmie Z tyłu w sumie to ja chuja widzę, ale w lewym uchu cały czas w słuchawce (Ej)" Blackout
67%
"Podchodzi do mnie gospodyni Pyta, czy pomogę jej znaleźć klucze od Civic (Grrra) Pyta: "kto zajebał baga i gdzie jest TV-ik?" (Co Ty pierdolisz?) Mnie już nic nie zdziwi" Mardi Gras ft. Gedz
67%
"Przez uszkodzony nerw, wytykali mnie w kurwę Poryte, co?" Odrodzenie
67%
"Studio to mój dom, każdy track moim synem (Synem) Naruchałem się w chuj (W chuj), dziś mam wielką rodzinę" One Eye
67%
"Wychowany w trudnym miеście Za pieniądze wyrwą sеrce Z każdej ulicy słychać krzyk i wiem, że Zawsze wrócę tutaj, bo za domem tęsknię" To Nasz Dom
67%
"Staram się tego nie spieprzyć (Ble) Ja szukam, jak życie ulepszyć (Yeah) Dlatego na osiedlu tu pierwszy (Yeah) Dlatego każda za mną tęskni (Yeah)" Waterproof ft. Young Igi
67%
"Kochanie, widzę w Twych oczach płomień Za każdym razem, gdy mówię o niej" Kochaj Albo Zostaw ft. Honorata Skarbek
58%
"Dlatego czułem, że tu dla nas nie ma miejsc Dla nas nie ma miejsc, dla nas nie ma miejsc, dla nas nie ma miejsc" Ostatni Taniec
58%
"Alkohol i płacz — miałem siedem lat (Lat) W oczach strach, a nad głową ciągle padał deszcz (Ej) Modlę się do Boga — czy pomoże mi? W końcu wysłuchał mych próśb wszystkich (Hu)" Strach
58%
"Dzisiaj tysiące wydaję na klip Dzisiaj tysiące wydaję na fit (Ey, LEENY cook this shit up)" Yurrr
58%
"Mam wyjebane na to, chcę się bawić i pić Whiskey, cannabis — komu pierwszemu utnie się film?" Relax ft. White 2115
50%
"Poznałem smak biedy i biedy jak chuj Dalej gnój, ale gdzie jest drugi, co ma swag jak mój?" Śliskie Grono
50%
"Nie licz na pojednanie Nieliczni mają tu wstęp" Nie Wiń Mnie
33%
Nie znaleziono quizów pasujących do podanych kryteriów
Rozkład punktacji
Procent ludzi z każdym wynikiem
Percentyl według liczby udzielonych odpowiedzi
Twoja historia wyników
Nie rozwiązałeś tego quizu